Appraisal of driving forces in the reverse distribution channel in the Slovak Republic

Definícia pojmu trvalo udržateľná distribúcia. Dôležitosť zákazníckej motivácie. Pripravenosť slovenských koncových zákazníkov na reverznú distribúciu, prezentácia výsledkov prieskumu z obdobia 09-11/2015.

Enregistré dans:
Détails bibliographiques
Auteur principal: Gubíniová, Katarína
Autres auteurs: Pajtinková - Bartáková, Gabriela, Mruškovičová, Juliana, Treľová, Silvia
Format: Chapitre de livre
Langue:anglais
Sujets:
Tags: Ajouter un tag
Pas de tags, Soyez le premier à ajouter un tag!

MARC

LEADER 00000nla a2200000 4500
001 0234340
005 20240502083624.9
041 0 |a eng 
044 |a NL 
245 1 0 |a Appraisal of driving forces in the reverse distribution channel in the Slovak Republic  |c Katarína Gubíniová, Gabriela Pajtinková Bartáková, Juliana Mruškovičová, Silvia Treľová 
520 |a Definícia pojmu trvalo udržateľná distribúcia. Dôležitosť zákazníckej motivácie. Pripravenosť slovenských koncových zákazníkov na reverznú distribúciu, prezentácia výsledkov prieskumu z obdobia 09-11/2015. 
610 2 0 |a marketing manažment 
610 2 0 |a distribúcia 
610 2 0 |a distribúcia reverzná 
610 2 0 |a kanály distribučné 
610 2 0 |a odpad 
610 2 0 |a maloobchod 
610 2 0 |a motivácia 
610 2 0 |a zákazníci 
610 2 0 |a Slovensko 
100 1 |a Gubíniová, Katarína 
700 1 |a Pajtinková - Bartáková, Gabriela 
700 1 |a Mruškovičová, Juliana 
700 1 |a Treľová, Silvia